000 00305nam a22001457a 4500
008 210311b ||||| |||| 00| 0 eng d
020 _a9780030565410
041 _aeng
080 _a573
082 _a573
100 _a11
101 _aBIO
245 _aModern Biology
_cFeldkamp, S
942 _2udc
_cBK
999 _c56371
_d56371